Rechnen mit kosten in der Industrie

Na minha lista:
Detalhes bibliográficos
Formato: Livro
Idioma:alemão
Publicado em: Berlin : Verlag die Wirtschaft, 1975
Tags: Adicionar Tag
Sem tags, seja o primeiro a adicionar uma tag!

MARC

LEADER 00000nam a22000003a 4500
001 stu41299
005 20150408180625.9
008 931118s1975----gw------------------ger-d
040 |a STU  |b slo 
041 0 |a ger 
044 |a gw 
245 |a Rechnen mit kosten in der Industrie 
260 |a Berlin :  |b Verlag die Wirtschaft,  |c 1975 
300 |a 291 s 
996 |b 284M011930  |c M*5939-1  |l MMKN  |s A  |a 24  |w stu41299_0001